<?xml version="1.0" encoding="UTF-8"?>
<marc:record xmlns:marc="http://www.loc.gov/MARC21/slim">
   <marc:leader>00000nam a2200000 a 4500</marc:leader>
   <marc:datafield ind1="1" ind2=" " tag="100">
      <marc:subfield code="a">Zischke, Vera</marc:subfield>
      <marc:subfield code="4">aut</marc:subfield>
      <marc:subfield code="e">Verfasser/-in</marc:subfield>
   </marc:datafield>
   <marc:datafield ind1=" " ind2=" " tag="653">
      <marc:subfield code="a">Erzählende Literatur: Gegenwartsliteratur ab 1945</marc:subfield>
   </marc:datafield>
   <marc:datafield ind1="0" ind2="0" tag="245">
      <marc:subfield code="a">Pina fällt aus</marc:subfield>
   </marc:datafield>
   <marc:datafield ind1="0" ind2="0" tag="245">
      <marc:subfield code="b">Roman</marc:subfield>
   </marc:datafield>
   <marc:datafield ind1=" " ind2="1" tag="264">
      <marc:subfield code="b">List Verlag</marc:subfield>
      <marc:subfield code="c">2026</marc:subfield>
   </marc:datafield>
   <marc:datafield ind1="1" ind2=" " tag="520">
      <marc:subfield code="a">Als Pina mitten auf der Straßenkreuzung zusammenbricht, hat sie nur einen Gedanken: Wer kümmert sich jetzt um Leo? Ihr Sohn ist zwanzig Jahre alt und lebt in seiner eigenen Welt, die außer ihm nur Pina kennt. Morgens verlässt er das Bett erst, wenn eine grüne Blase in seiner Lavalampe aufsteigt. Wenn er Treppen geht, dann in seinem eigenen Rhythmus: immer zwei Schritte vor und einen Schritt zurück.</marc:subfield>
   </marc:datafield>
   <marc:datafield ind1=" " ind2=" " tag="020">
      <marc:subfield code="a">9783471370063</marc:subfield>
      <marc:subfield code="9">9783471370063</marc:subfield>
   </marc:datafield>
</marc:record>
